statistieken voor Mexico Trivia Quiz

Klik hier om de quiz te nemen!

Generale statistieken

  • Deze quiz is al 73 keer genomen
  • De gemiddelde score is 16 of 25

Antwoord statistieken

Hint Antwoord % Correct
Aangrenzende landenVerenigde Staten
96%
ValutaPeso
94%
Meest dichtbevolkte metrogebiedenMexico-Stad
92%
Aangrenzende landenGuatemala
92%
Meest populaire sportVoetbal
89%
Aangrenzende landenBelize
85%
Inheemse beschaving bekend om piramides,
kalenders en schrijven
Maya's
85%
Hondenras genoemd naar
een Mexicaanse staat
Chihuahua
79%
Beschaving veroverd door CortésAzteken
77%
Sterke drank gemaakt van agaveTequila
68%
Cancuns schiereilandYucatán
64%
Jaar dat Mexico de Olympische Zomerspelen
organiseerde
1968
64%
Meest dichtbevolkte metrogebiedenGuadalajara
64%
Langste rivierRio Bravo
60%
Nationaal dierGouden Adelaar
58%
Feestdag gevierd op 31 okt tot 2 novDag van de Doden
58%
Meest dichtbevolkte metrogebiedenMonterrey
55%
Grootste exportOlie
53%
Grote stad in de buurt van San DiegoTijuana
51%
Type volksmuziek met trompetten en gitarenMariachi
47%
Stad aan de Stille Oceaan,
bekend om de klifduikers
Acapulco
47%
De drie meest voorkomende achternamen
(noem er een)
Hernández |
Garcia | Martinez
42%
Rijkste manCarlos Slim
40%
Mexicaanse term voor pro worstelen{Lucha} Libre
36%
Schiereiland ten zuiden van CaliforniëNeder-Californië
34%

Score Distributie

Percentiel op hoeveel beantwoord

Procent van mensen met elke score

Uw Scoregeschiedenis

U hebt deze quiz nog niet genomen